Introduction to optical waveguide analysis-(E-BOOK) (Record no. 191487)
[ view plain ]
| 000 -LEADER | |
|---|---|
| fixed length control field | 00991 a2200217 4500 |
| 003 - CONTROL NUMBER IDENTIFIER | |
| control field | Nust |
| 005 - DATE AND TIME OF LATEST TRANSACTION | |
| control field | 20170207154017.0 |
| 020 ## - INTERNATIONAL STANDARD BOOK NUMBER | |
| International Standard Book Number | 0-471-22160-0 |
| 040 ## - CATALOGING SOURCE | |
| Transcribing agency | Nust |
| 082 0# - DEWEY DECIMAL CLASSIFICATION NUMBER | |
| Classification number | 621.38275 |
| 100 1# - MAIN ENTRY--PERSONAL NAME | |
| Personal name | Kawano, Kenji |
| 245 00 - TITLE STATEMENT | |
| Title | Introduction to optical waveguide analysis-(E-BOOK) |
| Medium | [Elektronisk resurs] |
| Remainder of title | solving Maxwell's equations and the Schr?ger equation / |
| Statement of responsibility, etc. | Kenji Kawano and Tsutomu Kitoh |
| 260 ## - PUBLICATION, DISTRIBUTION, ETC. | |
| Place of publication, distribution, etc. | New York : |
| Name of publisher, distributor, etc. | Wiley, |
| Date of publication, distribution, etc. | cop. 2001 |
| 300 ## - PHYSICAL DESCRIPTION | |
| Extent | xiii, 275 s. : |
| Other physical details | ill. |
| 490 0# - SERIES STATEMENT | |
| Series statement | Wiley-Interscience publication |
| 505 ## - FORMATTED CONTENTS NOTE | |
| Formatted contents note | Fundamental Equations(Page-1) Analytical Methods(Page-13) Finite-Element Methods(Page-59) Finite-Difference Methods(Page-117) Beam Propagation Methods(Page-165) Finite-Difference Time-Domain Method(Page-233) Schrodinger Equation(Page-251) |
| 650 #7 - SUBJECT ADDED ENTRY--TOPICAL TERM | |
| Topical term or geographic name entry element | Optical wave guides |
| General subdivision | Mathematical models |
| 650 #7 - SUBJECT ADDED ENTRY--TOPICAL TERM | |
| Topical term or geographic name entry element | Optical wave guides |
| General subdivision | Mathematics |
| 700 1# - ADDED ENTRY--PERSONAL NAME | |
| Personal name | Kitoh, Tsutomu |
| 856 40 - ELECTRONIC LOCATION AND ACCESS | |
| Uniform Resource Identifier | <a href="http://www3.interscience.wiley.com/cgi-bin/booktoc?ID=92012730">http://www3.interscience.wiley.com/cgi-bin/booktoc?ID=92012730</a> |
| 942 ## - ADDED ENTRY ELEMENTS (KOHA) | |
| Source of classification or shelving scheme | |
| Koha item type | Book |
| Withdrawn status | Lost status | Source of classification or shelving scheme | Damaged status | Not for loan | Collection code | Permanent Location | Current Location | Date acquired | Total Checkouts | Full call number | Barcode | Date last seen | Price effective from | Koha item type |
|---|---|---|---|---|---|---|---|---|---|---|---|---|---|---|
| Military College of Signals (MCS) | Military College of Signals (MCS) | 12/12/2016 | 621.38275 KAW | MCSEB-744 | 12/08/2016 | 12/12/2016 | Book |
